Amřica Latina un nuevo contrato social

Detalles Bibliográficos
Formato: eBook
Lenguaje:español
Publicado: Madrid: Marcial Pons, 2016
Materias:
Acceso en línea:Acceso restringido

MARC

LEADER 00000nam a22000007a 4500
005 20170310004919.0
007 cr|||| ||||
008 170310s2016 es |||||s|||| 00||0 spa d
020 |a 978-84-9123-207-0 
035 |a 14848 
040 |a vLex 
090 |c 6601  |d 6601 
245 0 0 |a Amřica Latina  |h [Recurso electrn̤ico] :  |b un nuevo contrato social 
256 |a Servicio en ln̕ea 
260 |a Madrid:  |b Marcial Pons,  |c 2016 
300 |a 1 recurso electrn̤ico (346 p.) 
506 1 |a Disponible solo en los productos indicados  |d vLex Global  |d vLex Global (Academic Edition, excluding Law Schools)  |d vLex Global (U.S. Academic Edition, Law Schools)  |d vLex Global (U.S. Academic Edition, excluding Law Schools)  |d vLex Global (Academic Edition, Law Schools) 
650 0 4 |a Derecho Pb︢lico y Administrativo  |z Espaą 
650 0 4 |a Derecho Internacional  |z Espaą 
650 0 4 |a Ciencias sociales  |z Espaą 
740 0 |a vLex Libros (Servicio en ln̕ea) 
856 4 0 |u http://vlex.com/source/america-latina-nuevo-contrato-social-14848  |z Acceso restringido 
942 |c BOOK 
999 0 |a Public and Administrative Law 
999 0 |a International Law 
999 0 |a Social sciences